000 00561pam a2200181 a 4500
020 _a0070094683 (acidfree paper)
040 _cDLC
082 0 0 _a510 WCB 1999 A029 Or.
100 1 _aBurton, David M.
245 1 4 _aThe history of mathematics :
_ban introduction /
250 _a4th ed.
260 _aBoston :
_bWCB McGraw-Hill,
_cc1999.
300 _ax, 710 p. :
_bill. ;
_c25 cm.
650 0 _aMathematics
856 4 1 _uhttp://www.loc.gov/catdir/toc/mh031/98025974.html
856 4 2 _uhttp://www.loc.gov/catdir/description/mh031/98025974.html
942 _cEK
999 _c11523
_d11523